Židé - lid budoucnosti /

Main Author: Ekman, Ulf, 1950-
Language: Czech
Published: Brno : Postilla, 1996
Edition: 1. české vyd.
Online Access: Digitalizovaný dokument
Physical Description: 127, xiii s. : mapy ; 20 cm
Book
Saved in:
LEADER 01873nam a2200505 a 4500
001 000101655
003 CZ BrMZK
005 20260218100220.0
007 ta
008 960815s1996 xr b f cze d
015 |a cnb000293374 
020 |a 80-238-1925-9  |q (v knize neuvedeno ;  |q brož.)  |z 80-901956-4-4 
035 |a (OCoLC)39316012 
040 |a BOA001  |b cze 
041 1 |a cze  |h eng  |h swe 
045 |a x-x- 
072 7 |a 2  |x Náboženství  |2 Konspekt  |9 5 
080 |a 26-67:28  |2 MRF 
080 |a 27-67:26  |2 MRF 
080 |a 323.12(=411.16)  |2 MRF 
080 |a 94(=411.16)  |2 MRF 
080 |a 26-277.2  |2 MRF 
080 |a (049)  |2 MRF 
100 1 |a Ekman, Ulf,  |d 1950-  |7 jn20010309699  |4 aut 
245 1 0 |a Židé - lid budoucnosti /  |c Ulf Ekman 
250 |a 1. české vyd. 
260 |a Brno :  |b Postilla,  |c 1996 
300 |a 127, xiii s. :  |b mapy ;  |c 20 cm 
500 |a Přeloženo z anglické verze švédského originálu 
500 |a Chronologický přehled 
500 |a Dostupné též v digitální podobě v aplikaci Kramerius 
630 0 7 |a Bible  |7 unn2006374667  |2 czenas 
648 7 |a 20. století  |7 ch460558  |2 czenas 
650 0 7 |a judaismus a islám  |7 ph114839  |2 czenas 
650 0 7 |a křesťanství a judaismus  |7 ph115077  |2 czenas 
650 0 7 |a antisemitismus  |7 ph118516  |y 20. století  |2 czenas 
650 0 7 |a dějiny Židů  |7 ph489410  |2 czenas 
650 0 7 |a biblické citáty  |7 ph118853  |2 czenas 
655 7 |a pojednání  |7 fd133056  |2 czenas 
765 0 8 |i Název anglického překladu:  |t Jews - people of the future  |9 Česky 
765 0 |t Judarna framtidens folk  |9 Česky 
856 4 1 |u http://www.digitalniknihovna.cz/mzk/uuid/uuid:28195b52-0d93-11f1-8172-7e7f103d90a3  |y Digitalizovaný dokument  |x NDK 
910 |a BOA001  |b 2-1026.110 
990 |a BK 
996 6 |b 2610043609  |c 2-1026.110  |l MZK  |r Sklad / do 1 hodiny  |n 24  |p kup  |w 000101655  |u 000010  |a 1  |e BOA001  |j MZK50  |s P